Представление документа в формате RUSMARC

ПолеНазваниеЗначение
  Тип записи a
  Библиографический уровень m
001 Контрольный номер RU/SLIB/B/208756961
005 Дата корректировки 20201206204157.1
010 Индекс ISBN __
d Цена 6 000-00
101 Язык документа __
a Язык текста rus
200 Заглавие и сведения об ответственности 1_
a Заглавие Ты вечен
e Сведения, относящиеся к заглавию 30 уроков быстрого совершенствования псих. развития, преподан. тибет. ламой, великим мастером оккультизма
b Общее обозначение материала Текст
210 Выходные данные __
a Место издания Киев
c Издательство София
d Дата издания 1993
215 Физическое описание __
a Объем 320 с.
606 Тематические рубрики __
a Основная рубрика Религия. Мистика. Свободомыслие
606 Тематические рубрики __
a Основная рубрика Буддизм
610 Ключевые слова __
a Ключевые слова психическое развитие; ламы; ламаизм; самосовершенствование; саморазвитие
686 Индексы других классификаций __
a Классификационный индекс 86.35; ст86.35
700 Автор _1
a Фамилия Рампа
b Имя Т. Л.
4 Код отношения 070
801 Источник записи _0
a Страна RU
b Организация Муниципальное бюджетное учреждение культуры "Централизованная библиотечная система" г. Сургут (Центральная городская библиотека им. А. С. Пушкина)
g Правила каталогизации КиК/Михайлова
801 Источник записи _1
a Страна RU
b Организация Муниципальное бюджетное учреждение культуры "Централизованная библиотечная система" г. Сургут (Центральная городская библиотека им. А. С. Пушкина)
g Правила каталогизации КиК/Михайлова
852 Данные о местонахождении __
j Шифр хранения 86.35
c Каталожный индекс 86.35
i Авторский знак Р 21
p Инвентарный номер 50768
901 Тип документа __
t Тип документа m
990 Данные о заказе (DOS) __
j Количество экземпляров (DOS) 3